Statistics for Grand Prix Winners

Click here to take the quiz!

General Stats

  • This quiz has been taken 241 times
    (231 since last reset)
  • The average score is 50 of 103

Answer Stats

Number of Wins Driver % Correct
91Michael Schumacher
98%
41Ayrton Senna
97%
51Alain Prost
97%
6Ralf Schumacher
97%
39Sebastian Vettel
96%
22Lewis Hamilton
96%
32Fernando Alonso
92%
25Niki Lauda
91%
20Kimi Raikkonen
90%
3Nico Rosberg
89%
14Graham Hill
88%
15Jenson Button
88%
22Damon Hill
88%
5Keke Rosberg
88%
31Nigel Mansell
87%
24Juan Manuel Fangio
87%
20Mika Hakkinen
86%
27Jackie Stewart
84%
3Phil Hill
84%
1Jochen Mass
83%
23Nelson Piquet
83%
9Mark Webber
80%
11Jacques Villeneuve
80%
6Gilles Villeneuve
77%
13David Coulthard
77%
25Jim Clark
76%
11Rubens Barrichello
76%
10James Hunt
76%
13Alberto Ascari
72%
14Emerson Fittipaldi
72%
11Felipe Massa
72%
14Jack Brabham
68%
1Jarno Trulli
67%
1Jean Alesi
66%
12Mario Andretti
66%
3Giancarlo Fisichella
65%
16Stirling Moss
63%
10Jody Scheckter
62%
6Jochen Rindt
62%
5Nino Farina
61%
1Pastor Maldonado
61%
10Gerhard Berger
61%
7Juan Pablo Montoya
60%
12Alan Jones
60%
4Eddie Irvine
58%
1Robert Kubica
56%
1Heikki Kovalainen
55%
1Olivier Panis
55%
6John Surtees
53%
3Johnny Herbert
51%
3Mike Hawthorn
51%
3Heinz-Harald Frentzen
51%
10Ronnie Peterson
50%
8Denny Hulme
50%
8Jacky Ickx
50%
6Riccardo Patrese
48%
4Bruce McLaren
42%
5Clay Regazzoni
41%
3Thierry Boutsen
40%
7Rene Arnoux
39%
12Carlos Reutemann
39%
3Didier Pironi
34%
5Michele Alboreto
34%
5John Watson
34%
1Francois Cevert
30%
6Jacques Laffite
29%
1Jose Carlos Pace
27%
2Elio de Angelis
27%
2Pedro Rodriguez
27%
2Patrick Tambay
26%
2Wolfgang von Trips
26%
1Alessandro Nannini
25%
2Jean-Pierre Jabouille
24%
4Dan Gurney
24%
1Vittorio Brambilla
24%
2Jose Froilan Gonzalez
22%
2Patrick Depailler
22%
6Tony Brooks
21%
2Jo Siffert
21%
1Lorenzo Bandini
20%
1Gunnar Nilsson
20%
1Jean-Pierre Beltoise
19%
2Peter Revson
19%
1Luigi Musso
19%
1Joakim Bonnier
18%
1Innes Ireland
17%
1Luigi Fagioli
17%
1Peter Gethin
17%
1Ludovico Scarfiotti
16%
2Maurice Trintignant
15%
1Giancarlo Baghetti
15%
1Richie Ginther
15%
1Piero Taruffi
11%
2Bill Vukovich
5%
1Rodger Ward
4%
1Troy Ruttman
4%
1Jim Rathmann
3%
1Jimmy Bryan
3%
1Sam Hanks
3%
1Pat Flaherty
3%
1Bob Sweikert
3%
1Johnnie Parsons
3%
1Lee Wallard
3%

Score Distribution

Percentile by Number Answered

Percent of People with Each Score

Your Score History

You have not taken this quiz since the last reset